<?xml version="1.0" encoding="UTF-8"?><?xml-stylesheet type="text/xsl" href="static/style.xsl"?><OAI-PMH xmlns="http://www.openarchives.org/OAI/2.0/" xmlns:xsi="http://www.w3.org/2001/XMLSchema-instance" xsi:schemaLocation="http://www.openarchives.org/OAI/2.0/ http://www.openarchives.org/OAI/2.0/OAI-PMH.xsd"><responseDate>2026-04-17T02:36:31Z</responseDate><request verb="GetRecord" identifier="oai:www.recercat.cat:2445/221452" metadataPrefix="marc">https://recercat.cat/oai/request</request><GetRecord><record><header><identifier>oai:recercat.cat:2445/221452</identifier><datestamp>2025-12-05T14:45:14Z</datestamp><setSpec>com_2072_1057</setSpec><setSpec>col_2072_478821</setSpec><setSpec>col_2072_478917</setSpec></header><metadata><record xmlns="http://www.loc.gov/MARC21/slim" xmlns:dcterms="http://purl.org/dc/terms/" xmlns:xsi="http://www.w3.org/2001/XMLSchema-instance" xmlns:doc="http://www.lyncode.com/xoai" xsi:schemaLocation="http://www.loc.gov/MARC21/slim http://www.loc.gov/standards/marcxml/schema/MARC21slim.xsd">
   <leader>00925njm 22002777a 4500</leader>
   <datafield ind2=" " ind1=" " tag="042">
      <subfield code="a">dc</subfield>
   </datafield>
   <datafield ind2=" " ind1=" " tag="720">
      <subfield code="a">Martí-Jerez, E.</subfield>
      <subfield code="e">author</subfield>
   </datafield>
   <datafield ind2=" " ind1=" " tag="720">
      <subfield code="a">Fernández Pradas, Juan Marcos</subfield>
      <subfield code="e">author</subfield>
   </datafield>
   <datafield ind2=" " ind1=" " tag="720">
      <subfield code="a">Serra Coromina, Pere</subfield>
      <subfield code="e">author</subfield>
   </datafield>
   <datafield ind2=" " ind1=" " tag="720">
      <subfield code="a">Duocastella, Martí</subfield>
      <subfield code="e">author</subfield>
   </datafield>
   <datafield ind2=" " ind1=" " tag="260">
      <subfield code="c">2025-06-10T09:59:15Z</subfield>
   </datafield>
   <datafield ind2=" " ind1=" " tag="260">
      <subfield code="c">2025-11-30T06:10:14Z</subfield>
   </datafield>
   <datafield ind2=" " ind1=" " tag="260">
      <subfield code="c">2024-12-01</subfield>
   </datafield>
   <datafield ind2=" " ind1=" " tag="260">
      <subfield code="c">2025-06-10T09:59:15Z</subfield>
   </datafield>
   <datafield ind2=" " ind1=" " tag="520">
      <subfield code="a">Additive manufacturing (AM) techniques based on liquid precursors,&#xd;
including inkjet printing or laser-induced forward transfer (LIFT), are&#xd;
emerging as the tool-of-choice for the on-demand fabrication of printed&#xd;
electronic devices on flat and flexible substrates. However, the aspect ratio of&#xd;
the printable structures, which is key for determining electrical properties, is&#xd;
typically determined by the wettability between printed ink and substrate.&#xd;
Higher aspect-ratio structures can only be achieved by multi-pass printing,&#xd;
with the consequent loss of fabrication throughput and increase in&#xd;
complexity. Here, these issues are addressed by using print-n-release, a&#xd;
method based on printing micro-electrodes on pre-stretched elastomeric&#xd;
substrates. Upon stress release, the liquid-printed electrodes shrink while&#xd;
increasing their aspect-ratio. As a result, their final shape can be tailored&#xd;
beyond the limitations imposed by wetting constraints, enabling intentional&#xd;
miniaturization by design. The principle and practical implementation of&#xd;
print-n-release are described, and show how electrodes with up to an 8 fold&#xd;
increase in aspect-ratio and a 4 fold reduction in sheet resistance can be&#xd;
produced in a single-pass compared to traditional printing methods. As a&#xd;
proof-of-concept, functional interdigitated electrodes that serve as sensors for&#xd;
drop volume and electrolyte concentration, delivering enhanced sensitivity&#xd;
and a reduced footprint not achievable with standard printing techniques are&#xd;
fabricated.</subfield>
   </datafield>
   <datafield tag="653" ind2=" " ind1=" ">
      <subfield code="a">Líquids</subfield>
   </datafield>
   <datafield tag="653" ind2=" " ind1=" ">
      <subfield code="a">Circuits electrònics</subfield>
   </datafield>
   <datafield tag="653" ind2=" " ind1=" ">
      <subfield code="a">Additius</subfield>
   </datafield>
   <datafield tag="653" ind2=" " ind1=" ">
      <subfield code="a">Liquids</subfield>
   </datafield>
   <datafield tag="653" ind2=" " ind1=" ">
      <subfield code="a">Electronic circuits</subfield>
   </datafield>
   <datafield tag="653" ind2=" " ind1=" ">
      <subfield code="a">Additives</subfield>
   </datafield>
   <datafield ind2="0" ind1="0" tag="245">
      <subfield code="a">3D Shape Control of Printed Micro-Electrodes with Substrate Reshaping</subfield>
   </datafield>
</record></metadata></record></GetRecord></OAI-PMH>